000
00293nam a2200121Ia 4500
008
190216s9999||||xx |||||||||||||| ||und||
100
_a
Alberto Moravia
245
4
_a
The Women Of Rome
260
_b
Penguin Books
_c
1976
300
_a
170
650
_a
English Novel-English Novel
942
_c
BK
999
_c
12678
_d
12678